Instituciones de derecho financiero

Bibliographic Details
Main Author: Ferreiro Lapatza, Jos ̌Juan
Format: eBook
Language:Spanish
Published: Madrid: Marcial Pons, 2010
Subjects:
Online Access:Acceso restringido

MARC

LEADER 00000nam a22000007a 4500
005 2016121703003.0
007 cr|||| ||||
008 161217s2010 es |||||s|||| 00||0 spa d
020 |a 978-84-9123-028-1 
035 |a 14703 
040 |a vLex 
090 |c 6509  |d 6509 
100 1 |a Ferreiro Lapatza, Jos ̌Juan 
245 1 0 |a Instituciones de derecho financiero  |h [Recurso electrn̤ico] /  |c Jos ̌Juan Ferreiro Lapatza 
256 |a Servicio en ln̕ea 
260 |a Madrid:  |b Marcial Pons,  |c 2010 
300 |a 1 recurso electrn̤ico 
500 |a El libro que ahora presento "INSTITUCIONES" de Derecho Financiero, encierra una l︢tima reflexin̤ sobre la organizacin̤ jurd̕ica de la Hacienda Pb︢lica en Espaą; centrada, claro est,̀ en las instituciones, partes o piezas fundamentales de tal mecanismo u organizacin̤: el Tributo, la Deuda pb︢lica y el Presupuesto.  
506 1 |a Disponible solo en los productos indicados  |d vLex Global  |d vLex Global (Academic Edition, excluding Law Schools)  |d vLex Global (U.S. Academic Edition, Law Schools)  |d vLex Global (U.S. Academic Edition, excluding Law Schools)  |d vLex Global (Academic Edition, Law Schools) 
650 0 4 |a Derecho Fiscal  |z Espaą 
740 0 |a vLex Libros (Servicio en ln̕ea) 
856 4 0 |u http://vlex.com/source/instituciones-de-derecho-financiero-14703  |z Acceso restringido 
942 |c BOOK 
999 0 |a Tax Law